Statistics for tmnt characters

Click here to take the quiz!

General Stats

  • This quiz has been taken 43 times
  • The average score is 11 of 30

Answer Stats

HintAnswer% Correct
leader turtleleo
97%
wildcard turtlemikey
87%
powerhouse turtleraphael
87%
master of the turtlessplinter
85%
channel 6 repporterapril
82%
tech support turtledonnie
77%
main turtle villainshredder
74%
pink alienkraang
69%
mutant rhinorocksteady
56%
scientist who turned into a flybaxter stockman
54%
mutant warthogbebop
44%
goongalacasey jones
44%
the turtles half sister (2012)karai
44%
teenage lizard skatermondo gecko
44%
raphs turtle spike who changed his name toslash
44%
raphaels gfmona lisa
33%
tiger assasin (2012)tigerclaw
33%
bunny ninjausagi
21%
shredders right hand man (2003)hun
13%
triceraton ally (2003)zog
8%
splinter 2003 enemy in the battle nexus.drako
5%
the big one of the foot liutentenets (2018)foot brute
5%
dead wrestler (2018)ghostbear
5%
evil alien in 1987 season 8-10lord dregg
5%
Other mutant turtle villaintokka
5%
utrom alias (2003)mortu
3%
leader of the mob in the tmnt 2003mob leader
0%
robot kidnanotech
0%
human who became a robotprofesor honeycutt
0%
triceratons dictatorzanramon
0%

Score Distribution

Percentile by Number Answered

Percent of People with Each Score

Your Score History

You have not taken this quiz